000 00878nam a22002297a 4500
003 UA-OsUOA
001 70611
007 ta
008 20100908b un ||||| |||| 00| 0 ukr d
100 _aГруша А.В.
700 _aСкрипкина Н.Н.
090 _a659
_bГ91
942 _cSA
040 _aUA-OsUOA
_brus
_cUA-OsUOA
_dUA-OsUOA
245 _aТрансформация политической коммуникации: медиаобраз Сильвио Берлускони
300 _aС.9-23
955 _a0
041 _arus
080 _a659
773 0 _w70610
_tВестник Московского университета. Серия 10. Журналистика
_dМ.
_d2010
_g2
650 7 _a659 Реклама. Система інформації. Громадська інформація та реклама (Паблик-Рилейшнз)
_2UDC
999 _c356884
_d356884